Entry Nombre corporativo
001 - NÚMERO DE CONTROL
- campo de control: 4857
003 - IDENTIFICADOR DE NÚMERO DE CONTROL
- campo de control: OSt
005 - FECHA Y HORA DE LA ÚLTIMA TRANSACCIÓN
- campo de control: 20230222191739.0
008 - ELEMENTOS DE DATO DE LONGITUD-FIJA
- campo de control de longitud fija: 980703 n acnnnaaan n ann d
040 ## - FUENTE DE CATALOGACIÓN
- Centro catalogador/agencia de origen: OSt
- Centro/agencia transcriptor: OSt
110 2# - ENCABEZAMIENTO-NOMBRE DE ENTIDAD CORPORATIVA
- Nombre de entidad corporativa o nombre de jurisdicción como elemento de entrada: Instituto de Cultura "Juan Gil-Albert"
410 2# - TRAZADO DE VÉASE--NOMBRE DE ENTIDAD CORPORATIVA
- Nombre de entidad corporativa o nombre de jurisdicción como elemento de entrada: Instituto de Cultura Juan Gil-Albert
510 2# - TRAZADO DE VÉASE ADEMÁS--NOMBRE DE ENTIDAD CORPORATIVA
- Subcampo de control: a
- Nombre de entidad corporativa o nombre de jurisdicción como elemento de entrada: Instituto de Estudios "Juan Gil-Albert"
510 2# - TRAZADO DE VÉASE ADEMÁS--NOMBRE DE ENTIDAD CORPORATIVA
- Subcampo de control: a
- Nombre de entidad corporativa o nombre de jurisdicción como elemento de entrada: Instituto Alicantino de Cultura "Juan Gil-Albert"
